|
|
|
|
| LEADER |
00000ny a22000003n 4500 |
| 005 |
20110509124858.0 |
| 008 |
081008s2008 us zn s 000 b0eng c |
| 035 |
|
|
|a 2226
|
| 040 |
|
|
|a UMA.RE
|d vlex
|
| 080 |
|
|
|a 330.34(051)(0.034)
|
| 090 |
|
|
|c 1444
|d 1444
|
| 245 |
3 |
0 |
|a Policy Research Working Papers
|h [Recurso electrn̤ico]
|
| 256 |
|
|
|a Servicio en ln̕ea
|
| 260 |
|
|
|a Washington :
|b World Bank
|
| 310 |
|
|
|a Irregular
|
| 506 |
1 |
|
|a Contenido solo disponible en los productos indicados
|d vLex Global
|d vLex Global (Academic Edition, excluding Law Schools)
|d vLex Global (U.S. Academic Edition, Law Schools)
|d vLex Global (U.S. Academic Edition, excluding Law Schools)
|d vLex Global (Academic Edition, Law Schools)
|
| 650 |
0 |
4 |
|a Desarrollo econm̤ico
|x Publicaciones perid̤icas
|
| 710 |
2 |
|
|a World Bank
|
| 740 |
0 |
|
|a vLex Revista (Servicios en ln̕ea)
|
| 853 |
|
|
|8 1
|i (year)
|j (month)
|k (day)
|
| 856 |
4 |
0 |
|u http://vlex.com/source/2226
|z Acceso restringido
|
| 942 |
|
|
|c REV
|